000 00809nam a2200265 a 4500
001 000030810
003 DO-SdBNP
005 20240412074255.0
007 ta
008 110530s1958 dr c 000 p spa d
040 _aDO-SdBNP
_bspa
_cDO-SdBNP
082 4 _aRD861.44
_bR696d 1958
_222
100 1 _aRodríguez V., Severino A.
_926846
245 1 0 _aDe mi lira popular /
_cSeverino A. Rodríguez V.
250 _a4a ed.
260 _aCiudad Trujillo, República Dominicana :
_bImpresora Dominicana,
_c1958.
300 _a84 p. :
_bil., retr. ;
_c20 cm.
590 _aEjemplar autografiado
590 _aInventariado, 2020/VM
650 4 _aPoesía dominicana
_966
650 0 _aLiteratura dominicana.
_967
910 _aValidado. Control de calidad. MMOLINA
942 _2ddc
_cLBS1
956 _aVMateo
999 _c30302
_d30302